000 01598nam a22002537a 4500
005 20120828144539.0
010 _aB-461803-807
020 _a9780010000115
_c395.00
035 _aB-461803-807
037 _adpl
_bAllied Pub/Ven
082 _a880.8
245 _aHundred great books;
_cedited by John Canning
_bmasterpieces of all time/
260 _aNew Delhi
_bRupa
_c2008
270 _a7/16 Ansari road Daryaganj
_bNew Delhi
_e110002
300 _a640p.
_c23cm(pbk)
500 _aIt includes index
942 _2ddc
_cEN
_mHUN
_h880.8
999 _c69452
_d69452